Geography Quiz

Random Geography or Flags Quiz

Hybrid Flags II Quiz Stats

 Plays Quiz not verified by Sporcle

Score 0/20 Timer 09:00
0 Plays Today
% Correct
Brazodia
86.7%
Nekraine
78.1%
Papua-Herzegovina
77.3%
Croatador
73.4%
Grenmark
71.9%
Argeze
71.1%
People's Republic of the Republic of China
70.3%
Bhunei
69.5%
Central Haitian Republic
67.2%
Belawana
65.6%
% Correct
Domexica
65.6%
Mausrilankia
64.1%
Grenadian Kingdom
61.7%
The Kuwlippines
61.7%
The New Federated States of Microzealand
60.9%
Swenama
59.4%
The Uzbek States of America
58.6%
Egymbia
58.6%
The Democratic People's Republic of India
54.7%
Saint Vigua and the Barbunadines
46.9%

You're not logged in!

Compare scores with friends on all Sporcle quizzes.
OR
Log In

Show Comments

Extras

Created Mar 16, 2014ReportNominate
Tags:Flags Quiz, hybrid

Top Quizzes Today


Score Distribution

Your Account Isn't Verified!

In order to create a playlist on Sporcle, you need to verify the email address you used during registration. Go to your Sporcle Settings to finish the process.

Report this User

Report this user for behavior that violates our Community Guidelines.

Details: